000 00288nam a2200121Ia 4500
008 240731s9999 xx 000 0 und d
022 _a1943-0353
245 4 _aThe Law Teacher
260 _bRoutledge
856 _uhttps://www.tandfonline.com/loi/ralt20
942 _2ddc
942 _cTFEJ
999 _c80027
_d80027
945 _a1
_bMadushi Gamage
_c1
_dMadushi Gamage